000
00320nam a22001337a 4500
020
_a
8120304179
082
_a
621.38153
100
_a
Mano, M. Morris
245
_a
Digital logic and computer design
260
_a
New Delhi :
_b
Prentice-Hill,
_c
1995.
300
_a
612 p. ;
_b
24 cm.
500
_a
Paperback.
942
_c
BK
999
_c
34138
_d
34138